LEADER 01026cam0-2200337---450- 001 990005818640403321 005 20130724132535.0 035 $a000581864 035 $aFED01000581864 035 $a(Aleph)000581864FED01 035 $a000581864 100 $a19990604e19961685km-y0itay50------ba 101 0 $aita 102 $aIT 105 $a--------001by 200 1 $a<>ghirlanda incantata$fFrancesco Giusti$gsaggio introduttivo e apparati a cura di Giuseppina Scognamiglio 205 $aRist. anastatica 210 $aPompei$cLe Pleiadi$d1996 215 $a187 p.$d21 cm 225 1 $aQuarta parete$ecollana di studi e testi teatrali$v1 324 $aRistamapa anastatica dell'ed.: Napoli, 1685 676 $a852.5 700 1$aGiusti,$bFrancesco$08194 702 1$aScognamiglio,$bGiuseppina 801 0$aIT$bUNINA$gRICA$2UNIMARC 901 $aBK 912 $a990005818640403321 952 $a852.5 GIUS 1$bDip.f.m.7684$fFLFBC 959 $aFLFBC 996 $aGhirlanda incantata$9567680 997 $aUNINA LEADER 03167nam 22006374a 450 001 9910830884903321 005 20230207224252.0 010 $a1-281-31046-8 010 $a9786611310462 010 $a0-470-70729-1 010 $a0-470-77358-8 010 $a0-470-77531-9 035 $a(CKB)1000000000398568 035 $a(EBL)351052 035 $a(OCoLC)437214048 035 $a(SSID)ssj0000135187 035 $a(PQKBManifestationID)11144196 035 $a(PQKBTitleCode)TC0000135187 035 $a(PQKBWorkID)10058478 035 $a(PQKB)10784352 035 $a(MiAaPQ)EBC351052 035 $a(iGPub)WILEYB0013391 035 $a(EXLCZ)991000000000398568 100 $a20050516d2006 uy 0 101 0 $aeng 135 $aur|n|---||||| 181 $ctxt 182 $cc 183 $acr 200 00$aDavid Harvey$b[electronic resource] $ea critical reader /$fedited by Noel Castree and Derek Gregory 205 $a1st ed. 210 $aMalden, MA ;$aOxford $cBlackwell Pub.$d2006 215 $a1 online resource (340 p.) 225 1 $aAntipode book series 300 $aDescription based upon print version of record. 311 $a0-631-23510-8 311 $a0-631-23509-4 320 $aIncludes bibliographical references (p. [303]-318) and index. 327 $gIntroduction:$tTroubling geographies /$rDerek Gregory --$tBetween deduction and dialectics: David Harvey on knowledge /$rTrevor Barnes --$tDavid Harvey and Marxism /$rAlex Callinicos --$tDialectical materialism: stranger than friction /$rMarcus Doel --$tDifferences that matter /$rMelissa Wright --$tDavid Harvey on cities /$rSharon Zukin --$tDavid Harvey on cities /$rSharon Zukin --$tDavid Harvey and dialectical space-time /$rEric Sheppard --$tSpatial fixes, temporal fixes and spatio-temporal fixes /$rBob Jessop --$tGlobalization and primitive accumulation: the contributions of David Harvey's dialectical Marxism /$rNancy Hartsock --$tTowards a new earth and a new humanity: nature, ontology, politics /$rBruce Braun --$tDavid Harvey: a rock in a hard place /$rNigel Thrift --$tMessing with 'the project' /$rCindi Katz --$tThe detour of critical theory /$rNoel Castree --$tSpace as a keyword /$rDavid Harvey. 330 $aThis book critically interrogates the work of David Harvey, one of the world's most influential geographers, and one of its best known Marxists.Considers the entire range of Harvey's oeuvre, from the nature of urbanism to environmental issues.Written by contributors from across the human sciences, operating with a range of critical theories.Focuses on key themes in Harvey's work.Contains a consolidated bibliography of Harvey's writings. 410 0$aAntipode book series. 606 $aGeography$xPhilosophy 606 $aSocial sciences 615 0$aGeography$xPhilosophy. 615 0$aSocial sciences. 676 $a910.01 676 $a910/.01 701 $aCastree$b Noel$f1968-$0760068 701 $aGregory$b Derek$0121032 801 0$bMiAaPQ 801 1$bMiAaPQ 801 2$bMiAaPQ 906 $aBOOK 912 $a9910830884903321 996 $aDavid Harvey$91911234 997 $aUNINA